Multiple Choice City Quiz – Victoria, BC - Statistics

General Stats
  • This quiz has been taken 52 times
  • The average score is 8 of 10
Answer Stats
Question Answer % Correct
Who is Victoria named for? Queen Victoria
98%
On what island is Victoria? Vancouver Island
98%
Which of these statements is true? Victoria is British Columbia’s capital
86%
What is Victoria’s National Hockey League team? Victoria does not have an NHL team
84%
Which of these is traditional indigenous art from the Victoria area?
81%
North ______ is both a peninsula and a city that’s part of the Greater Victoria Area; it is named for the indigenous people of the area. Saanich
81%
Which of these shows the Victoria harbour?
74%
What Victorian singer recorded several major international hit songs, including Timbaland collaboration “Give it to Me”? Nelly Furtado
65%
What Victoria native was a National Basketball Association MVP twice and eight-time all-star? Steve Nash
63%
What made Victoria’s population grow from just a couple hundred to over 20,000 in 1858? The Cariboo Gold Rush
63%
No matching quizzes found
Score Distribution
Percent of People with Each Score
Percentile by Number Answered
Your Score History
You have not taken this quiz